| 000 | 01965cam a2200241 4500 | ||
|---|---|---|---|
| 001 | ##L136405 | ||
| 008 | 070130n2007 000 0 eng u | ||
| 035 | _a(Sirsi) u136405 | ||
| 041 | 0 | _aeng | |
| 050 | 0 | 4 | _a690.241 $2 18 |
| 110 | 2 |
_aNational Heritage Training Group _95110 |
|
| 245 | 0 | 0 |
_aTraditional building craft skills _bassessing the need, meeting the challenge, skills needs analysis of the built heritage sector in Scotland 2007 _h[electronic resource] |
| 260 |
_aLondon _bNHTG _c2007 |
||
| 505 | 1 | _aExecutive summary -- Introduction -- Research objectives and methodology -- Demand for traditional building craft skills: stockholders -- Supply of traditional building skills: contractors and sole traders -- Manufacturers and suppliers of traditional building materials -- Architects and surveyors -- Training provision for traditional building skills in Scotland -- Conclusions and recommendations -- Skills action plan | |
| 520 | _aEvaluates the traditional building skills industry in Scotland by analysing the size of the pre-1919 building stock, assessing traditional building skills levels and future needs, assessing manufacturers and suppliers of traditional building materials and building professionals working in the sector, identifying training provision for traditional building skills, and making recommendations to address known problems. Reveals that around 5 000 additional workers are needed to meet future demand and over 8 700 individuals will need training in traditional skills over the next four years. | ||
| 590 | _aKA | ||
| 651 | 4 |
_aScotland _y1999- |
|
| 690 | _aBUILT ENVIRONMENT-BUILDING MAINTENANCE AND REFURBISHMENT-BUILDING CONSERVATION | ||
| 710 | 2 |
_aCITB-ConstructionSkills _94992 |
|
| 710 | 2 |
_aHistoric Scotland _92914 |
|
| 856 | 4 | 0 |
_uhttps://www.citb-constructionskills.co.uk/news/whatsinthenews/20070129-scottishnational.asp _zView the report free of charge at www.citb-constructionskills.co.uk... |
| 942 | _n0 | ||
| 999 |
_c106382 _d106382 |
||